Irrigation Engineering (Including Hydrology) / (Record no. 12951)
[ view plain ]
| 000 -LEADER | |
|---|---|
| fixed length control field | 01061cam a2200181ua 4500 |
| 003 - CONTROL NUMBER IDENTIFIER | |
| control field | OSt |
| 008 - FIXED-LENGTH DATA ELEMENTS--GENERAL INFORMATION | |
| fixed length control field | 220205b ||||| |||| 00| 0 eng d |
| 020 ## - INTERNATIONAL STANDARD BOOK NUMBER | |
| ISBN | 8121921287 |
| 082 ## - DEWEY DECIMAL CLASSIFICATION NUMBER | |
| Classification number | 631.587 |
| Item number | SHA/IR |
| 100 ## - MAIN ENTRY--AUTHOR NAME | |
| Personal name | Sharma, R K;. |
| 245 ## - TITLE STATEMENT | |
| Title | Irrigation Engineering (Including Hydrology) / |
| 250 ## - EDITION STATEMENT | |
| Edition statement | 3 / |
| 260 ## - PUBLICATION, DISTRIBUTION, ETC. (IMPRINT) | |
| Place of publication | New Delhi : |
| Name of publisher | S.Chand and Co , |
| Year of publication | 2007. |
| 300 ## - PHYSICAL DESCRIPTION | |
| Number of Pages | ; . |
| 505 ## - FORMATTED CONTENTS NOTE | |
| Formatted contents note | Part I : Irrigation Principles and practices<br/> 1 Irrigation<br/> 2 Irrigation Water Requirement and Crops<br/> 3 Irrigation System<br/> 4 Methods of Irrigation<br/> 5 Unlined Channels<br/> 6 Lined Canals<br/> 7 Drainage Engineering<br/>Part II : river Engineering<br/> 1 River Mechanics<br/> 2 River Training<br/> 3 Headworks<br/> 4 Control Structures<br/> 5 Cross Drainage Works<br/> 6 Bridges and Culverts<br/> 7 Canal Outlets<br/>Part Iii : Hydrology<br/> 1 Hydrology<br/> 2 Reservoirs and Dam Planning<br/> 3 Earth and rockfill dams<br/> 4 Irrigation Water Requirement and Crops<br/> 5 Arch Buttress Dams<br/> 6 Discharge Facilities<br/> 7 Water Power Engineering |
| 700 1# - ADDED ENTRY--PERSONAL NAME | |
| Personal name | Sharma, T K. |
| 942 ## - ADDED ENTRY ELEMENTS (KOHA) | |
| Koha item type | Books |
| Withdrawn status | Lost status | Damaged status | Home library | Current library | Date acquired | Full call number | Accession Number | Koha item type | Collection code | Shelving location | Source of acquisition | Cost, normal purchase price |
|---|---|---|---|---|---|---|---|---|---|---|---|---|
| KAUAET | KAUAET | 07/04/2012 | 631.587 | 21263 | Books | |||||||
| KAUAET | KAUAET | 07/04/2012 | 631.587 | 22233 | Books | |||||||
| KAUAET | KAUAET | 22/06/2016 | 631.587 SHA/IR | 24755 | Books | General Stacks | Padma Book house, Palakkkad | 495.00 |
